Politics and public policy in Hawai'i /

Bibliographic Details
Other Authors: Smith, Zachary A. (Zachary Alden), 1953-, Pratt, Richard, 1941-
Format: Book
Language:English
Published: Albany : State University of New York Press, [1992]
Subjects:

MARC

Tag First Indicator Second Indicator Subfields
LEADER 00000cam a2200000 a 4500
001 in00001080721
005 20150929162333.0
008 910306s1992 nyua b s001 0 eng
010 |a  91013267  
020 |a 079140949X (acid-free) 
020 |a 0791409503 (pbk. : acid-free) 
035 |a (OCoLC)23356660 
035 |9 AFQ9877AM 
040 |a DLC  |c DLC  |d TXA  |d UtOrBLW 
043 |a n-us-hi 
049 |a TXAM 
050 0 0 |a JK9395  |b .P66 1992 
082 0 0 |a 996.9/04  |2 20 
245 0 0 |a Politics and public policy in Hawai'i /  |c edited by Zachary A. Smith and Richard C. Pratt. 
264 1 |a Albany :  |b State University of New York Press,  |c [1992] 
264 4 |c ©1992 
300 |a xi, 273 pages :  |b illustrations ;  |c 24 cm. 
336 |a text  |b txt  |2 rdacontent 
337 |a unmediated  |b n  |2 rdamedia 
338 |a volume  |b nc  |2 rdacarrier 
504 |a Includes bibliographical references and index. 
536 |a Dr. Paul P. Van Riper Collection, Department of Political Science. 
651 0 |a Hawaii  |x Politics and government  |y 1959- 
651 0 |a Hawaii  |x Economic policy. 
651 0 |a Hawaii  |x Social policy. 
700 1 |a Smith, Zachary A.  |q (Zachary Alden),  |d 1953- 
700 1 |a Pratt, Richard,  |d 1941- 
999 |a MARS 
999 f f |s 672923cb-777f-3f5e-b9f9-ff81107dc325  |i cb3cfe83-dd32-336a-8e3c-80b2b3501981  |t 0 
952 f f |p ric  |a Texas A&M University  |b Rellis Campus  |c Joint Library Facility  |d Remote Storage  |t 0  |e JK9395 .P66 1992  |h Library of Congress classification  |i unmediated -- volume  |m A14816222748 
998 f f |a JK9395 .P66 1992  |t 0  |l Remote Storage